000 00555nam a2200169 i 4500
001 22850
003 ES-MaACL
005 20230906152751.0
007 t|
008 021205s1962 sp ||||1| spa d
110 2 _aAltos Hornos de Vizcaya (
_cBilbao)
_91343
245 1 0 _aProntuario para el empleo del acero laminado
_b: datos tablas de resistencia /
_cpublicados por Altos Hornos de Vizcaya (Bilbao).
250 _a3ª ed.
260 _aBilbao :
_bEléxpuru,
_c1962.
300 _aXVI, 299 p. :
_bil. ;
_c21 cm.
852 _aES-MaACL
_jC-21618
_bR.50459
999 _c22850
_d22850